000 00549nam a2200169 i 4500
001 133899
003 ES-MaACL
005 20230906194545.0
007 t|
008 070903s1935 sp ||||1| spa d
100 1 _aWalther, León.
_9116019
245 1 3 _aLa orientación profesional para los estudios superiores /
_cpor León Walther ; traducción del original inédito por Mercedes Rodrigo.
260 _aMadrid :
_bBiblioteca Nueva,
_c1935.
300 _a228 p. ;
_c21 cm.
700 1 _aRodrigo, Mercedes.
_998181
852 _aES-MaACL
_jA-3691
999 _c133899
_d133899